Statistiken für Italien: Regionen

Klicken Sie hier um das Quiz zu spielen!

Allgemein

  • Dieses Quiz wurde 144 mal gespielt
    (115 seit der letzten Aktualisierung)
  • Das Durchschnittsergebnis liegt bei 13 aus 20

Antwortstatistiken

Region% Korrekt
16Sizilien
96%
17Toskana
92%
15Sardinien
87%
11Lombardei
80%
18Trentino-Südtirol
80%
20Venetien
80%
7Kalabrien
79%
19Umbrien
74%
9Latium
69%
5Emilia-Romagna
65%
14Piemont
65%
1Abruzzen
62%
10Ligurien
62%
2Aosta
60%
3Apulien
60%
6Friaul-Julisch Venetien
54%
8Kampanien
51%
12Marken
51%
4Basilikata
43%
13Molise
39%

Verteilung der Resultate

Perzentil nach korrekt beantworteten Fragen

Anzahl Personen mit jedem Resultat

Ihre Resultats-Entwicklung

Sie haben dieses Quiz seit der letzten Aktualisierung nicht gespielt